| 000 | 00718nam a22002297a 4500 | ||
|---|---|---|---|
| 999 |
_c18578 _d18578 |
||
| 003 | AR-CdUCM | ||
| 008 | 190514b ||||| |||| 00| 0 spa d | ||
| 040 |
_aMUNICIPALIDAD PROVINCIAL DEL CUSCO _cBIBLIOTECA MUNICIPAL DEL CUSCO |
||
| 082 |
_a869.56 / _bSA25 |
||
| 100 |
_aSantos Chocano, José _97973 |
||
| 245 | _aAlma América / | ||
| 260 |
_aLima : _bNuevos Rumbos, _c1958. |
||
| 300 |
_a92 páginas ; _c18 cm. |
||
| 440 |
_aColección Escritores de Lima. _939243 |
||
| 505 | _aContenido: Poesías. | ||
| 650 |
_aLiteratura Peruana _9132 |
||
| 650 |
_aPoesías Peruanas _914867 |
||
| 650 |
_aSiglo XX _98 |
||
| 700 |
_aBendezú, Francisco (prólogo) _939244 |
||
| 942 |
_2ddc _cLIBROS |
||
| 945 |
_apjha _d2019-05-17 |
||